Central Library and Information Centre
Sibsagar Girls' College, Sivasagar : Assam

COMPARITIVE EDUCATION (Record no. 2811)

MARC details
000 -LEADER
fixed length control field 00410cam a2200181ua 4500
008 - FIXED-LENGTH DATA ELEMENTS--GENERAL INFORMATION
fixed length control field 191126n1987 II |||gr||||Z||||||eng
040 ## - CATALOGING SOURCE
Original cataloging agency MAIN
041 ## - LANGUAGE CODE
-- English
041 ## - LANGUAGE CODE
-- eng
082 ## - DEWEY DECIMAL CLASSIFICATION NUMBER
Classification number 370.9 RAI
100 ## - MAIN ENTRY--PERSONAL NAME
Personal name RAI, B. C.
245 ## - TITLE STATEMENT
Title COMPARITIVE EDUCATION
260 ## - PUBLICATION, DISTRIBUTION, ETC.
Place of publication, distribution, etc. LUCKNOW
Name of publisher, distributor, etc. PRAKASHAN KENDRA
Date of publication, distribution, etc. 1987
300 ## - PHYSICAL DESCRIPTION
Extent 409:
Dimensions 20CM.
942 ## - ADDED ENTRY ELEMENTS (KOHA)
Koha item type Books
653 ## - INDEX TERM--UNCONTROLLED
Uncontrolled term Comparative Education
Holdings
Withdrawn status Lost status Damaged status Not for loan Collection code Home library Current library Shelving location Date acquired Full call number Barcode Date last seen Copy number Price effective from Koha item type Public note
        TBEDU Central Library and Information Centre Sibsagar Girls College Central Library and Information Centre Sibsagar Girls College EDUCATION BOOK RACK 11.09.1989 370.9 RAI 10981 27.02.2020 1 27.02.2020 Books V


Sibsagar Girl's College © 2020. All rights reserved.
Powered by Koha.
Maintained by Abhijit Borpuzari.